00398nam a22001457a 4500022001400000082001200014100002700026245003500053260002700088300000800115650001300123942000700136952009200143999001700235 a0034-3951 a266 RAJ aRajkumar, Vincent (ed) aJourneying in Faith and Action aBengalurubCISRSc2017 a370 aMissions cBK 00104070aHMIbHMIcGENd2017-11-07l0o266 RAJp11003593r2026-01-16w2026-01-16yBK c20757d20757